00492nam a2200193 a 4500001001300000003000900013005001700022008004100039020001000080082001500090100001500105245003100120260004800151300000800199500003500207505001400242650002700256700001500283nice12345678IN_TiNIC20260116011426.0050524s1932 laha grp 000 0 urd  ac10000a232.9bWAR aWaris, F D aKhush Khabri, Glad Tidings aLahorebPunjab Religious Booksociety c1932 a68p aincludes index and biblioraphy2 areference aJesus Christ-Biography1 aWaris, F D